| 000 | 01101cam a22003131a 4500 | ||
|---|---|---|---|
| 999 |
_c232946 _d232946 |
||
| 001 | 8305792 | ||
| 003 | Nust | ||
| 005 | 20170227105058.0 | ||
| 008 | 760701s1935 enk 000 1 eng | ||
| 010 | _a 37031207 | ||
| 020 | _a9788171674442 | ||
| 035 | _a(OCoLC)2292861 | ||
| 040 |
_aDLC _cNSufR _dOCoLC _dTxU-Hu _dDLC |
||
| 042 | _apremarc | ||
| 050 | 0 | 0 |
_aAC1 _b.E8 no. 912 _aPS2116.T8 |
| 051 |
_aPZ3.J234 _bTu3 _cCopy 2. |
||
| 082 |
_a813.46 _bJAM |
||
| 100 | 1 |
_aJames, Henry, _d1843-1916. |
|
| 245 | 1 | 4 |
_aThe turn of the screw ; _bThe Aspern papers / _cHenry James. |
| 246 | 3 | _aTurn of the screw ; The Aspern papers | |
| 260 |
_aLondon : _bJ.M. Dent, _c1935. |
||
| 300 |
_aix, 480 p. ; _c18 cm. |
||
| 490 | 0 |
_aEveryman's library. Fiction ; _vno. 912 |
|
| 500 | _a"List of the chief works of Henry James": p. vii-ix. | ||
| 700 | 1 | 2 |
_aJames, Henry, _d1843-1916. _tAspern papers. _f1935. |
| 740 | 0 | 2 | _aAspern papers. |
| 906 |
_a7 _bcbc _coclcrpl _du _encip _f19 _gy-gencatlg |
||
| 942 |
_2ddc _cBK |
||